[Event "Pribina - TPK Cup   Mistrovství ÈR junio"]
[Site "Havlíèkùv Brod - hotel Slunce"]
[Date "2012.11.29"]
[Round "6.20"]
[White "Maøíková, Jana"]
[Black "Schaffer, Ondøej"]
[Result "1/2-1/2"]
[WhiteElo "2002"]
[BlackElo "1748"]
[PlyCount "58"]
[EventDate "2012.11.25"]

1. d4 d5 2. c4 e6 3. Nc3 Nf6 4. Bg5 Be7 5. Nf3 Nbd7 6. e3 b6 7. Qb3 Bb7 8. Rd1
O-O 9. Be2 h6 10. Bh4 dxc4 11. Bxc4 Ne4 12. Bxe7 Qxe7 13. O-O c5 14. Nxe4 Bxe4
15. Nd2 Bb7 16. f4 Nf6 17. Nf3 Rad8 18. Ne5 Bd5 19. f5 exf5 20. Rxf5 Bxc4 21.
Qxc4 cxd4 22. exd4 Rc8 23. Qb3 Qe6 24. Qxe6 fxe6 25. Rf2 Rfd8 26. Re2 Rd6 27.
Nf3 Rcd8 28. Rc1 Nd5 29. a3 Nf4 1/2-1/2

[Event "Pribina - TPK Cup   Mistrovství ÈR junio"]
[Site "Havlíèkùv Brod - hotel Slunce"]
[Date "2012.11.29"]
[Round "6.21"]
[White "Zezula, Rudolf"]
[Black "Johnová, Eliška"]
[Result "1-0"]
[WhiteElo "1995"]
[BlackElo "1848"]
[PlyCount "53"]
[EventDate "2012.11.25"]

1. b3 e5 2. Bb2 Nc6 3. e3 d5 4. Bb5 Bd6 5. Nf3 f6 6. c4 Be6 7. cxd5 Bxd5 8. Nc3
Bf7 9. O-O Nge7 10. d4 O-O 11. Bc4 Qe8 12. Qe2 a6 13. Rac1 b5 14. Bxf7+ Qxf7
15. Ne4 Rfe8 16. dxe5 fxe5 17. Rfd1 Qg6 18. Qc2 Nb4 19. Qb1 Nxa2 20. Qxa2 Qxe4
21. b4+ Kf8 22. Ng5 Qg6 23. Ne6+ Kg8 24. Nxc7+ Kh8 25. Nxe8 Rxe8 26. Qxa6 Bxb4
27. Qxb5 1-0

[Event "Pribina - TPK Cup   Mistrovství ÈR junio"]
[Site "Havlíèkùv Brod - hotel Slunce"]
[Date "2012.11.29"]
[Round "6.22"]
[White "Steinhauserová, Anna"]
[Black "Malèánek, Jan"]
[Result "0-1"]
[WhiteElo "1821"]
[BlackElo "1991"]
[PlyCount "77"]
[EventDate "2012.11.25"]

1. d4 Nf6 2. Nf3 g6 3. Bf4 c5 4. e3 Qb6 5. Qc1 Nc6 6. c3 Bg7 7. h3 d5 8. Bd3
cxd4 9. exd4 Bd7 10. O-O Rc8 11. Nbd2 Nb4 12. Bb1 Bb5 13. Re1 Nd3 14. Bxd3 Bxd3
15. Nb3 h6 16. Qe3 Be4 17. Nfd2 g5 18. Bh2 e6 19. Nxe4 Nxe4 20. Re2 O-O 21. h4
gxh4 22. Bf4 Qd8 23. Bxh6 Qf6 24. Bxg7 Kxg7 25. Nd2 Nd6 26. Qe5 Nf5 27. Nf3 Rg8
28. Kh2 Qxe5+ 29. Rxe5 Kf6 30. Rh1 Rg4 31. Rg1 Rcg8 32. Re2 Rf4 33. Ne5 Nd6 34.
g3 hxg3+ 35. fxg3 Rf5 36. g4 Rfg5 37. Kh3 Ke7 38. Nf3 R5g7 39. Ne5 0-1

[Event "Pribina - TPK Cup   Mistrovství ÈR junio"]
[Site "Havlíèkùv Brod - hotel Slunce"]
[Date "2012.11.29"]
[Round "6.23"]
[White "Šroubová, Lenka"]
[Black "Szücs, Matyáš"]
[Result "1-0"]
[WhiteElo "1790"]
[BlackElo "1934"]
[PlyCount "78"]
[EventDate "2012.11.25"]

1. Nf3 d5 2. g3 Nf6 3. Bg2 Bf5 4. O-O e6 5. d3 h6 6. Nbd2 Nbd7 7. Qe1 e5 8. e4
dxe4 9. dxe4 Bh7 10. Nc4 Be7 11. Nfxe5 Nxe5 12. Nxe5 Qd4 13. Qa5 O-O 14. c3 Qb6
15. Qa4 Qe6 16. Nd3 Rad8 17. Nf4 Qe5 18. Nd5 Nxd5 19. exd5 Bd3 20. Bf4 Qf6 21.
Rfd1 Qf5 22. Qxa7 Bd6 23. Bxd6 Rxd6 24. Qxb7 Re8 25. Re1 Rxe1+ 26. Rxe1 Rb6 27.
Qa8+ Kh7 28. b3 Ra6 29. Qe8 Rxa2 30. Be4 Bxe4 31. Qxe4 Rxf2 32. Qxf5+ Rxf5 33.
c4 Rf3 34. Re7 Rxb3 35. Rxc7 Kg6 36. c5 Rd3 37. d6 Kf6 38. d7 Ke7 39. c6 Rc3
1-0

[Event "Pribina - TPK Cup   Mistrovství ÈR junio"]
[Site "Havlíèkùv Brod - hotel Slunce"]
[Date "2012.11.29"]
[Round "6.24"]
[White "Kopøiva, Martin"]
[Black "Zpìváková, Jana"]
[Result "1-0"]
[WhiteElo "1776"]
[BlackElo "1921"]
[PlyCount "105"]
[EventDate "2012.11.25"]

1. e4 e6 2. d4 d5 3. Bd3 c5 4. c3 Nc6 5. Ne2 cxd4 6. cxd4 Nf6 7. e5 Nd7 8. O-O
Be7 9. Kh1 Nb4 10. Bb5 a6 11. Ba4 O-O 12. a3 Nc6 13. f4 f6 14. Nd2 fxe5 15.
fxe5 Rxf1+ 16. Qxf1 Nb6 17. Bc2 Bg5 18. Nf3 Bxc1 19. Qxc1 Qe7 20. Qf4 Bd7 21.
Rf1 Rf8 22. Qg4 Nc4 23. Qh3 g6 24. Rb1 Qg7 25. Bd3 Ne7 26. Ng3 Nf5 27. Nxf5
gxf5 28. Bxc4 dxc4 29. Rc1 b5 30. Rc3 Kh8 31. Qh4 Rg8 32. Ne1 f4 33. Qf2 Bc6
34. Rh3 Qg5 35. Qc2 Rg7 36. Nf3 Qe7 37. Qf2 Qf8 38. Qh4 Qf5 39. Qd8+ Rg8 40.
Qf6+ Qxf6 41. exf6 Rf8 42. Ne5 Be8 43. Rh6 Kg8 44. Kg1 Bf7 45. Rh4 Rc8 46. Rxf4
a5 47. Rg4+ Bg6 48. h4 Kf8 49. Rg5 c3 50. bxc3 Rxc3 51. h5 Bf7 52. Rg7 Bxh5 53.
Rxh7 1-0

[Event "Pribina - TPK Cup   Mistrovství ÈR junio"]
[Site "Havlíèkùv Brod - hotel Slunce"]
[Date "2012.11.29"]
[Round "6.25"]
[White "Kaòáková, Natálie"]
[Black "Chromík, Tomáš"]
[Result "1-0"]
[WhiteElo "1654"]
[BlackElo "1889"]
[PlyCount "129"]
[EventDate "2012.11.25"]

1. e4 d6 2. d4 Nf6 3. Nc3 e5 4. Nf3 exd4 5. Nxd4 Qe7 6. Bg5 c6 7. Bd3 g6 8. Qd2
Bg7 9. O-O-O h6 10. Bf4 Nbd7 11. Rde1 Ne5 12. Bg3 Nh5 13. f4 Nxg3 14. hxg3
Nxd3+ 15. Qxd3 Bg4 16. Nf5 gxf5 17. exf5 Be5 18. fxe5 dxe5 19. Ne4 f6 20. Rh4
Rd8 21. Qf1 h5 22. Qf2 Kf7 23. Nc5 Rd5 24. Nd3 Qd7 25. b3 Qxf5 26. Qxa7 Qd7 27.
Nf2 Bf5 28. g4 Rd4 29. c3 Rf4 30. g3 Rf3 31. gxf5 Rxc3+ 32. Kb1 Qxf5+ 33. Ne4
Rxg3 34. Kb2 Rg2+ 35. Ka3 Qd7 36. Rf1 f5 37. Rxf5+ Kg6 38. Rf6+ Kg7 39. Rd6 Qe7
40. Rh1 Rd8 41. Rhd1 Re2 42. Ng3 Kh8 43. Nxe2 Rxd6 44. Qc5 Re6 45. Qxe7 Rxe7
46. Rh1 Rh7 47. Rh4 Kg7 48. Ng3 Kg6 49. Ne4 Kf5 50. Kb4 b6 51. Kc4 Rd7 52. Kc3
Rd8 53. a3 Rd5 54. Nd2 Kg5 55. Nf3+ Kf5 56. Rxh5+ Kf4 57. Nd2 b5 58. Rh6 c5 59.
Rb6 Ke3 60. Nf1+ Kf2 61. Rf6+ Ke2 62. Ng3+ Ke3 63. Nf5+ Ke2 64. Rd6 b4+ 65.
axb4 1-0

[Event "Pribina - TPK Cup   Mistrovství ÈR junio"]
[Site "Havlíèkùv Brod - hotel Slunce"]
[Date "2012.11.29"]
[Round "6.26"]
[White "Sabolová, Kristýna"]
[Black "Zemková, Klára"]
[Result "1-0"]
[WhiteElo "1883"]
[BlackElo "1702"]
[PlyCount "47"]
[EventDate "2012.11.25"]

1. d4 e6 2. Nf3 Nf6 3. e3 c5 4. Bd3 d5 5. c4 Nc6 6. a3 cxd4 7. exd4 dxc4 8.
Bxc4 Bd6 9. Nc3 O-O 10. O-O a6 11. d5 exd5 12. Nxd5 b5 13. Nxf6+ gxf6 14. Bd5
Qc7 15. Qc2 Bb7 16. Bh6 Rfe8 17. Qf5 Bf8 18. Be4 Bxh6 19. Qxh7+ Kf8 20. Qxh6+
Kg8 21. Bh7+ Kh8 22. Rfe1 Ne5 23. Nxe5 fxe5 24. Bf5+ 1-0

[Event "Pribina - TPK Cup   Mistrovství ÈR junio"]
[Site "Havlíèkùv Brod - hotel Slunce"]
[Date "2012.11.29"]
[Round "6.27"]
[White "Skoøepa, Jakub"]
[Black "Danìk, Daniel"]
[Result "1/2-1/2"]
[WhiteElo "1702"]
[BlackElo "1802"]
[PlyCount "90"]
[EventDate "2012.11.25"]

1. e4 c6 2. d4 d5 3. exd5 cxd5 4. Bd3 Nc6 5. c3 Nf6 6. Bf4 Bg4 7. Qc2 e6 8. Nd2
Bd6 9. Bg3 Bh5 10. Ngf3 Rc8 11. a3 Bg6 12. O-O O-O 13. Rfe1 a6 14. Bxg6 hxg6
15. Qd3 Bxg3 16. hxg3 Qb6 17. b4 Rc7 18. Nb3 Rfc8 19. Nc5 Ne7 20. Rec1 Qd6 21.
Ne5 Nf5 22. Ra2 Ne4 23. Rac2 Nxc5 24. bxc5 Qd8 25. Rb1 Qe7 26. Rb6 g5 27. Rcb2
f6 28. Ng4 Qd7 29. Ne3 Nxe3 30. Qxe3 Re8 31. f4 gxf4 32. gxf4 Re7 33. Rd6 Qe8
34. Rbb6 Rc6 35. Rdxc6 bxc6 36. Rxa6 e5 37. fxe5 fxe5 38. Qf3 exd4 39. cxd4
Re1+ 40. Kf2 Rb1 41. Qe2 Qf7+ 42. Qf3 Rb2+ 43. Kg3 Qg6+ 44. Kh2 Qh6+ 45. Qh3
Qf4+ 1/2-1/2

[Event "Pribina - TPK Cup   Mistrovství ÈR junio"]
[Site "Havlíèkùv Brod - hotel Slunce"]
[Date "2012.11.29"]
[Round "6.28"]
[White "Liduch, Filip"]
[Black "Škuthan, Jiøí"]
[Result "0-1"]
[WhiteElo "1697"]
[BlackElo "1782"]
[PlyCount "52"]
[EventDate "2012.11.25"]

1. e4 c5 2. Nf3 Nc6 3. d4 cxd4 4. Nxd4 Nf6 5. Nc3 e6 6. Ndb5 Bb4 7. a3 Bxc3+ 8.
Nxc3 d5 9. exd5 exd5 10. Bd3 O-O 11. O-O Bg4 12. Qd2 Re8 13. b4 Ne5 14. f3 Be6
15. Bb2 Nxd3 16. Qxd3 Rc8 17. Rad1 Qb6+ 18. Kh1 Qc6 19. Rfe1 h6 20. Qd4 a6 21.
Rd2 Bf5 22. Rde2 Bxc2 23. Nxd5 Rxe2 24. Nxf6+ Qxf6 25. Rxe2 Rd8 26. Qc3 Rd1+
0-1

[Event "Pribina - TPK Cup   Mistrovství ÈR junio"]
[Site "Havlíèkùv Brod - hotel Slunce"]
[Date "2012.11.29"]
[Round "6.29"]
[White "Šaffová, Michaela"]
[Black "Skoøepa, Tomáš"]
[Result "1/2-1/2"]
[WhiteElo "1743"]
[BlackElo "1695"]
[PlyCount "22"]
[EventDate "2012.11.25"]

1. e4 c5 2. c3 Nf6 3. e5 Nd5 4. d4 cxd4 5. cxd4 e6 6. Nc3 Nxc3 7. bxc3 Be7 8.
Bd3 d6 9. f4 Nd7 10. Nf3 O-O 11. O-O f6 1/2-1/2

[Event "Pribina - TPK Cup   Mistrovství ÈR junio"]
[Site "Havlíèkùv Brod - hotel Slunce"]
[Date "2012.11.29"]
[Round "6.30"]
[White "Kuchaø, Tomáš"]
[Black "Tùma, Jan"]
[Result "1-0"]
[WhiteElo "1697"]
[BlackElo "1738"]
[PlyCount "54"]
[EventDate "2012.11.25"]

1. e4 c5 2. Nf3 Nc6 3. d4 cxd4 4. Nxd4 Nf6 5. Nxc6 bxc6 6. Bd3 e5 7. O-O Bc5 8.
Qe2 O-O 9. Nc3 Re8 10. Na4 Bd6 11. c4 Bf8 12. c5 d5 13. cxd6 Qxd6 14. h3 g6 15.
Be3 Nh5 16. Qc2 Nf4 17. Bc4 Qf6 18. Rfe1 Qg5 19. Bxf4 exf4 20. Qd3 Bg7 21. Nc3
Kh8 22. Qf3 f5 23. Rab1 fxe4 24. Nxe4 Rxe4 25. Qxe4 Bxh3 26. Qxc6 Rf8 27. Qf3
Bg4 1-0

[Event "Pribina - TPK Cup   Mistrovství ÈR junio"]
[Site "Havlíèkùv Brod - hotel Slunce"]
[Date "2012.11.29"]
[Round "6.31"]
[White "Paøízek, Vojtìch"]
[Black "Bobek, Daniel"]
[Result "0-1"]
[WhiteElo "1727"]
[BlackElo "1629"]
[PlyCount "92"]
[EventDate "2012.11.25"]

1. e4 c6 2. d4 d5 3. exd5 cxd5 4. c4 Nf6 5. Nc3 e6 6. Bd3 dxc4 7. Bxc4 Bb4 8.
Nf3 O-O 9. O-O Nc6 10. Bg5 Be7 11. Rc1 Bd7 12. Re1 Nd5 13. Bd2 Nb6 14. Bb3 Bf6
15. Bf4 Ne7 16. Ne4 Ned5 17. Nxf6+ Nxf6 18. Bc7 Qe8 19. Bd6 Nfd5 20. Rc5 f6 21.
Bxd5 Nxd5 22. Rxd5 exd5 23. Rxe8 Rfxe8 24. h4 Re6 25. Bf4 Re4 26. Qb3 Bc6 27.
Be3 Rd8 28. g3 Re7 29. Qa3 Ree8 30. Kh2 a6 31. g4 Bb5 32. Kg3 Be2 33. Qb3 Bxf3
34. Kxf3 Rd7 35. h5 Rf8 36. Kf4 Re8 37. g5 fxg5+ 38. Kxg5 Re4 39. Qb6 h6+ 40.
Kg6 Rf7 41. Qd8+ Rf8 42. Qxd5+ Kh8 43. Qf5 Rg4+ 44. Bg5 Rxg5+ 45. Qxg5 hxg5 46.
Kxg5 Rxf2 0-1

[Event "Pribina - TPK Cup   Mistrovství ÈR junio"]
[Site "Havlíèkùv Brod - hotel Slunce"]
[Date "2012.11.29"]
[Round "6.32"]
[White "Fusková, Martina"]
[Black "Steinhauser, Václav"]
[Result "1/2-1/2"]
[WhiteElo "1716"]
[BlackElo "1534"]
[PlyCount "68"]
[EventDate "2012.11.25"]

1. e4 e5 2. Nc3 Nc6 3. Bc4 Nf6 4. d3 Bc5 5. f4 exf4 6. Bxf4 d6 7. Na4 Bd4 8.
Nf3 Bg4 9. Bg5 h6 10. Bh4 a6 11. Nc3 O-O 12. Rf1 Re8 13. Qd2 Bxf3 14. Bxf6 Bxf6
15. gxf3 Nd4 16. O-O-O b5 17. Bb3 a5 18. a4 Nxb3+ 19. cxb3 bxa4 20. bxa4 Qd7
21. d4 Rab8 22. Qc2 Qc6 23. f4 g6 24. e5 dxe5 25. dxe5 Bg7 26. Rf2 Rb6 27. Rg1
Reb8 28. Rfg2 Rxb2 29. Qxb2 Rxb2 30. Kxb2 Qf3 31. Rd2 Qxf4 32. Rgd1 Kf8 33. Kc2
c5 34. Kb2 Qb4+ 1/2-1/2

[Event "Pribina - TPK Cup   Mistrovství ÈR junio"]
[Site "Havlíèkùv Brod - hotel Slunce"]
[Date "2012.11.29"]
[Round "6.33"]
[White "Kratochvíl, Vít"]
[Black "Babièka, Michal"]
[Result "1-0"]
[WhiteElo "1944"]
[BlackElo "1700"]
[PlyCount "77"]
[EventDate "2012.11.25"]

1. e4 c5 2. Nf3 Nc6 3. d4 cxd4 4. Nxd4 Nf6 5. Nc3 e5 6. Ndb5 d6 7. Bg5 a6 8.
Na3 b5 9. Nd5 Be7 10. Bxf6 gxf6 11. g3 O-O 12. c3 f5 13. exf5 Bxf5 14. Bg2 Rc8
15. Nc2 Bg5 16. O-O Bh6 17. a4 Bg6 18. Ncb4 Nxb4 19. Nxb4 bxa4 20. Rxa4 a5 21.
Nc6 Qd7 22. Nxe5 Qb5 23. Nxg6 hxg6 24. Qa1 Rb8 25. Rb1 Bg7 26. Rxa5 Qb3 27. Bd5
Qc2 28. Ra7 Bxc3 29. Rc1 Qxb2 30. Rxc3 Qd2 31. Bb3 Rbe8 32. Rc1 Re2 33. Ra2 Qd3
34. Rxe2 Qxe2 35. Qc3 Qb5 36. Rd1 Rb8 37. Bd5 Qa4 38. Qf3 Qxd1+ 39. Qxd1 1-0

[Event "Pribina - TPK Cup   Mistrovství ÈR junio"]
[Site "Havlíèkùv Brod - hotel Slunce"]
[Date "2012.11.29"]
[Round "6.34"]
[White "Stránská, Kamila"]
[Black "Jurèa, Marek"]
[Result "0-1"]
[WhiteElo "1627"]
[BlackElo "1893"]
[PlyCount "112"]
[EventDate "2012.11.25"]

1. e4 c6 2. d4 d5 3. e5 Bf5 4. Bd3 Bxd3 5. Qxd3 Qb6 6. Nf3 Qa6 7. Qxa6 Nxa6 8.
c3 e6 9. Bf4 Ne7 10. Nbd2 Ng6 11. Bg3 h5 12. Nh4 Ne7 13. h3 c5 14. Nb3 Nc6 15.
Nf3 Rc8 16. Rd1 c4 17. Nbd2 Be7 18. Bh4 Nc7 19. Bxe7 Kxe7 20. O-O b5 21. a3 a5
22. Ra1 Rb8 23. Rfb1 b4 24. axb4 axb4 25. Ne1 Rb7 26. Kf1 Rhb8 27. Ke2 f6 28.
f4 Kd7 29. Nef3 Ne7 30. Kf2 Nf5 31. g4 Ne7 32. Ke3 hxg4 33. hxg4 Rh8 34. Rh1
Rbb8 35. Kf2 bxc3 36. bxc3 Rxh1 37. Rxh1 f5 38. g5 Ng6 39. Ke3 Rb2 40. Rc1 Nb5
41. Nb1 Rg2 42. Nfd2 Rg3+ 43. Kf2 Rg4 44. Rh1 Ke7 45. Rh7 Kf7 46. Rh3 Rxf4+ 47.
Ke2 Rg4 48. Kf3 Rxg5 49. Nf1 Rg1 50. Kf2 Rg4 51. Ne3 Rh4 52. Rg3 Rh1 53. Nf1
Nf4 54. Rf3 Nd3+ 55. Ke2 g5 56. Rg3 g4 0-1

[Event "Pribina - TPK Cup   Mistrovství ÈR junio"]
[Site "Havlíèkùv Brod - hotel Slunce"]
[Date "2012.11.29"]
[Round "6.36"]
[White "Suchomel, Jan"]
[Black "Macková, Veronika"]
[Result "0-1"]
[WhiteElo "1435"]
[BlackElo "1724"]
[PlyCount "58"]
[EventDate "2012.11.25"]

1. e4 c5 2. Nf3 e6 3. d4 cxd4 4. Nxd4 a6 5. Nc3 Qc7 6. a3 Nf6 7. Be2 b5 8. O-O
Bc5 9. Be3 Bb7 10. Qd3 O-O 11. Kh1 d6 12. f4 Nbd7 13. Bf3 e5 14. Nf5 Bxe3 15.
Qxe3 Nb6 16. fxe5 dxe5 17. Qg5 Ne8 18. Bh5 f6 19. Qg3 Kh8 20. Rf3 Nc4 21. Qh4
g5 22. Qg4 Bc8 23. Nd5 Bxf5 24. Rxf5 Qg7 25. Raf1 Ned6 26. R5f2 Nxb2 27. Nc7
Qxc7 28. Rxf6 Qg7 29. Qe6 Nbc4 0-1

[Event "Pribina - TPK Cup   Mistrovství ÈR junio"]
[Site "Havlíèkùv Brod - hotel Slunce"]
[Date "2012.11.29"]
[Round "6.39"]
[White "Kubitová, Alžbìta"]
[Black "Zlámaná, Anna"]
[Result "0-1"]
[WhiteElo "1422"]
[BlackElo "1484"]
[PlyCount "70"]
[EventDate "2012.11.25"]

1. e4 e5 2. Nf3 Nc6 3. d4 exd4 4. Nxd4 Bc5 5. Be3 Qf6 6. c3 Nge7 7. Nb5 Bxe3 8.
fxe3 O-O 9. Qf3 Qe5 10. Bc4 Na5 11. N5a3 b6 12. Nd2 Bb7 13. O-O-O d5 14. exd5
Nxd5 15. e4 Nf6 16. Rhe1 Rae8 17. Bb5 Re7 18. Bd3 Bc6 19. g3 Nb7 20. Qf4 Nc5
21. Bc2 Qxf4 22. gxf4 Nfxe4 23. Re2 Rfe8 24. Rde1 Kf8 25. Ndc4 Nd6 26. Rxe7
Rxe7 27. Rxe7 Kxe7 28. Bxh7 g6 29. Nxd6 cxd6 30. f5 g5 31. Kd2 Kf6 32. b4 Ne4+
33. Kd3 Kg7 34. b5 Bb7 35. f6+ Kxh7 0-1

[Event "Pribina - TPK Cup   Mistrovství ÈR junio"]
[Site "Havlíèkùv Brod - hotel Slunce"]
[Date "2012.11.29"]
[Round "6.41"]
[White "Žitná, Aneta"]
[Black "Kovaøík, Matyáš"]
[Result "0-1"]
[WhiteElo "1548"]
[BlackElo "1539"]
[PlyCount "67"]
[EventDate "2012.11.25"]

1. e4 e6 2. d4 d5 3. Nc3 dxe4 4. Nxe4 Nd7 5. Nf3 Ngf6 6. Bg5 Be7 7. Nxf6+ Bxf6
8. Bxf6 Nxf6 9. Bd3 O-O 10. O-O b6 11. c3 Bb7 12. Re1 Qd6 13. Nd2 c5 14. Be4
Nxe4 15. Nxe4 Qc6 16. f3 Rfd8 17. Re2 Rd5 18. Rd2 Rad8 19. Rc1 Qd7 20. Rdc2 e5
21. Qe2 cxd4 22. cxd4 Rxd4 23. Nc3 Re8 24. Qf2 h6 25. h3 Rd8 26. Qe2 Rd2 27.
Rxd2 Qxd2 28. Rd1 Qg5 29. Re1 Rd2 30. Qf1 Ba6 31. Ne4 Bxf1 32. Nxg5 hxg5 33.
Rxf1 Rxb2 34. Ra1 0-1

[Event "Pribina - TPK Cup   Mistrovství ÈR junio"]
[Site "Havlíèkùv Brod - hotel Slunce"]
[Date "2012.12.01"]
[Round "9.1"]
[White "Kraus, Tomáš"]
[Black "Haman, Jakub"]
[Result "1-0"]
[WhiteElo "2290"]
[BlackElo "2129"]
[PlyCount "57"]
[EventDate "2012.11.25"]

1. d4 d5 2. Nf3 Nf6 3. c4 dxc4 4. e3 e6 5. Bxc4 a6 6. O-O c5 7. Bb3 cxd4 8.
exd4 Nc6 9. Nc3 Be7 10. a3 O-O 11. Re1 Bd7 12. Qd3 Rc8 13. Bc2 g6 14. Bh6 Re8
15. Rad1 Nd5 16. Nxd5 exd5 17. Qd2 Bg4 18. Qf4 Qd7 19. Rxe7 Qxe7 20. Qxg4 Qe2
21. Bd2 h5 22. Qf4 Re4 23. Qh6 Ne5 24. dxe5 Rxc2 25. Rf1 Rxb2 26. Bb4 Rbxb4 27.
axb4 Qb5 28. Ng5 Rf4 29. Ne6 1-0

[Event "Pribina - TPK Cup   Mistrovství ÈR junio"]
[Site "Havlíèkùv Brod - hotel Slunce"]
[Date "2012.12.01"]
[Round "9.2"]
[White "Gabriel, Adam"]
[Black "Straka, Vojtìch"]
[Result "0-1"]
[WhiteElo "2129"]
[BlackElo "2285"]
[PlyCount "152"]
[EventDate "2012.11.25"]

1. c4 c5 2. Nf3 Nc6 3. g3 g6 4. Bg2 Bg7 5. Nc3 Nf6 6. d4 cxd4 7. Nxd4 O-O 8.
Nc2 d6 9. O-O Bd7 10. b3 a6 11. Bb2 Qa5 12. Nd5 Nxd5 13. Bxg7 Kxg7 14. cxd5 Ne5
15. f4 Ng4 16. Qd4+ Nf6 17. Rfc1 Rfc8 18. Nb4 Qa3 19. Qd2 a5 20. Nd3 Bb5 21.
Bf3 Bxd3 22. exd3 Rc5 23. d4 Rcc8 24. Rc3 a4 25. Rac1 Rxc3 26. Rxc3 axb3 27.
Rxb3 Qxa2 28. Qxa2 Rxa2 29. Rxb7 Ng8 30. Rb4 h5 31. h3 f5 32. g4 hxg4 33. hxg4
fxg4 34. Bxg4 Nh6 35. Be6 Nf5 36. Rb7 Kf6 37. Rb8 Nxd4 38. Rf8+ Kg7 39. Rf7+
Kh6 40. Rxe7 Ne2+ 41. Kf1 Nxf4 42. Rd7 Ra6 43. Rd8 Kg7 44. Kf2 Kf6 45. Kf3 Nxe6
46. dxe6 Kxe6 47. Rg8 Kf5 48. Rf8+ Ke5 49. Re8+ Kf5 50. Rf8+ Kg5 51. Rd8 Rb6
52. Rd7 Kf6 53. Ke4 g5 54. Rd8 Kg6 55. Kf3 Rb3+ 56. Ke2 Rb6 57. Kf3 Kf6 58.
Rf8+ Ke6 59. Re8+ Kd7 60. Rg8 Rb5 61. Ke4 Re5+ 62. Kd4 Ke6 63. Rg6+ Kf5 64.
Rxd6 Re8 65. Rd7 Kf4 66. Kd3 g4 67. Rf7+ Kg3 68. Ra7 Kh3 69. Rh7+ Kg2 70. Ra7
g3 71. Ra2+ Kh1 72. Ra7 Rh8 73. Ra1+ Kh2 74. Ra2+ g2 75. Ke3 Kh1 76. Kf3 g1=Q
0-1

[Event "Pribina - TPK Cup   Mistrovství ÈR junio"]
[Site "Havlíèkùv Brod - hotel Slunce"]
[Date "2012.12.01"]
[Round "9.3"]
[White "Braun, Marek"]
[Black "Stachoò, Martin"]
[Result "1-0"]
[WhiteElo "2232"]
[BlackElo "2127"]
[PlyCount "97"]
[EventDate "2012.11.25"]

1. d4 Nf6 2. c4 g6 3. g3 Bg7 4. Bg2 O-O 5. Nf3 d6 6. Nc3 Nc6 7. O-O a6 8. Re1
Rb8 9. Rb1 Na5 10. Qd3 b5 11. cxb5 axb5 12. b4 Nc4 13. d5 e6 14. dxe6 Bxe6 15.
Nd4 Ne5 16. Qd1 Bd7 17. a4 bxa4 18. b5 Nc4 19. Qxa4 Nb6 20. Qb4 Ng4 21. Rd1 Ne5
22. e4 Re8 23. h3 Nc8 24. Qa4 Nb6 25. Qb4 Nc8 26. Qa4 Nb6 27. Qb3 Nec4 28. f4
Na5 29. Qb4 Nb7 30. Kh2 Nc5 31. Ra1 Ne6 32. Be3 Nxd4 33. Bxd4 Bxd4 34. Qxd4 f6
35. Ra7 Kg7 36. g4 Ra8 37. Rxa8 Nxa8 38. g5 Nb6 39. Ra1 Rf8 40. Ra7 Qb8 41.
gxf6+ Rxf6 42. e5 Qxa7 43. exf6+ Kf7 44. Bd5+ Be6 45. Qe3 Kf8 46. Bxe6 Qa3 47.
Bf7 Qb2+ 48. Kg3 Qxc3 49. Qxc3 1-0

[Event "Pribina - TPK Cup   Mistrovství ÈR junio"]
[Site "Havlíèkùv Brod - hotel Slunce"]
[Date "2012.12.01"]
[Round "9.4"]
[White "Baláèek, Tadeáš"]
[Black "Pùlpán, Jakub"]
[Result "1-0"]
[WhiteElo "2216"]
[BlackElo "2099"]
[PlyCount "79"]
[EventDate "2012.11.25"]

1. d4 d5 2. Nf3 Nf6 3. c4 e6 4. g3 Be7 5. Bg2 O-O 6. O-O dxc4 7. Na3 Bxa3 8.
bxa3 b5 9. a4 a6 10. Ne5 Nd5 11. Ba3 Re8 12. e4 Nf6 13. Nxf7 Kxf7 14. e5 c6 15.
exf6 Qxf6 16. Be4 g6 17. Bd6 Bb7 18. Be5 Qe7 19. h4 Nd7 20. Qg4 Nxe5 21. dxe5
Rg8 22. Rad1 Rad8 23. h5 Rd5 24. hxg6+ hxg6 25. Bxd5 cxd5 26. Rd4 Ke8 27. Rf4
Bc8 28. Rf6 Qc5 29. Rxg6 Rxg6 30. Qxg6+ Kd8 31. g4 d4 32. Qf6+ Kc7 33. g5 Qd5
34. g6 Qe4 35. Qg5 Qf5 36. Qg3 Bb7 37. g7 Qh7 38. f3 Qg8 39. Qg5 Kd7 40. Kf2
1-0

[Event "Pribina - TPK Cup   Mistrovství ÈR junio"]
[Site "Havlíèkùv Brod - hotel Slunce"]
[Date "2012.12.01"]
[Round "9.5"]
[White "Seidl, Štìpán"]
[Black "Stárek, Stanislav"]
[Result "1/2-1/2"]
[WhiteElo "2185"]
[BlackElo "2013"]
[PlyCount "34"]
[EventDate "2012.11.25"]

1. Nf3 d5 2. g3 g6 3. Bg2 Bg7 4. d4 Nf6 5. c4 c6 6. O-O O-O 7. cxd5 cxd5 8. Ne5
Nc6 9. Nc3 Ng4 10. Nxc6 bxc6 11. Na4 Rb8 12. b3 Rb5 13. Nb2 e5 14. h3 Nh6 15.
dxe5 Re8 16. f3 Bxe5 17. Qd3 Bd6 1/2-1/2

[Event "Pribina - TPK Cup   Mistrovství ÈR junio"]
[Site "Havlíèkùv Brod - hotel Slunce"]
[Date "2012.12.01"]
[Round "9.6"]
[White "Toman, Ondøej"]
[Black "Malý, Marek"]
[Result "0-1"]
[WhiteElo "2101"]
[BlackElo "2143"]
[PlyCount "53"]
[EventDate "2012.11.25"]

1. e4 e6 2. d4 d5 3. e5 c5 4. c3 Nc6 5. Nf3 Bd7 6. a3 f6 7. exf6 Nxf6 8. Bf4
cxd4 9. cxd4 Be7 10. Nc3 O-O 11. Bd3 Ne4 12. Be3 Nxc3 13. bxc3 Bf6 14. O-O Qe7
15. Re1 g6 16. c4 Qg7 17. Rb1 b6 18. Bf1 Rac8 19. Qd2 Rfe8 20. Bh6 Qh8 21. Red1
Ne7 22. Bf4 dxc4 23. Ne5 Ba4 24. Nxc4 Rxc4 25. Bxc4 Bxd1 26. Rxd1 Nd5 27. Be5
0-1

[Event "Pribina - TPK Cup   Mistrovství ÈR junio"]
[Site "Havlíèkùv Brod - hotel Slunce"]
[Date "2012.12.01"]
[Round "9.7"]
[White "Výprachtický, David"]
[Black "Rubeš, Jan"]
[Result "1/2-1/2"]
[WhiteElo "2092"]
[BlackElo "2130"]
[PlyCount "206"]
[EventDate "2012.11.25"]

1. e4 c5 2. Bc4 e6 3. Qe2 Nc6 4. c3 Nge7 5. Bb3 d5 6. d3 dxe4 7. dxe4 b6 8. Nf3
Qc7 9. O-O Ng6 10. g3 Bb7 11. Nbd2 Be7 12. a4 O-O 13. Nc4 Ba6 14. Re1 Na5 15.
Ba2 Qd7 16. Bg5 Qxa4 17. Bxe7 Nxe7 18. Nfd2 Qd7 19. Qf3 Nxc4 20. Nxc4 Bxc4 21.
Bxc4 b5 22. Red1 Qc6 23. Bf1 c4 24. Ra5 Qb6 25. b4 Nc6 26. Ra2 Rfd8 27. Rda1 a5
28. bxa5 Rxa5 29. Qe2 h6 30. Rb1 Ne5 31. Rxa5 Qxa5 32. Qh5 Qxc3 33. Rxb5 Nf3+
34. Kg2 Ne1+ 35. Kg1 Nd3 36. Rb7 Qf6 37. Qe2 Qd4 38. Rc7 Rb8 39. Qe3 Qxe3 40.
fxe3 Rb4 41. Bxd3 cxd3 42. Rd7 Rb3 43. Kf2 Rb2+ 44. Kf3 Rxh2 45. Rxd3 g5 46. g4
Kg7 47. Ra3 Kf6 48. Ra5 Rh3+ 49. Kf2 h5 50. gxh5 Rxh5 51. Kg3 Rh1 52. Rb5 Kg6
53. Rb7 Re1 54. Kf2 Rc1 55. Kg3 Rf1 56. Rb8 Rg1+ 57. Kf2 Ra1 58. Kg3 Ra4 59.
Kf3 Ra1 60. Kg3 Ra3 61. Kf3 Kf6 62. Rb5 Ra4 63. Rc5 g4+ 64. Kxg4 Rxe4+ 65. Kf3
Re5 66. Rc8 Rh5 67. Rc7 Rh7 68. Ra7 Rh3+ 69. Kf2 Kg6 70. Ra6 Kf5 71. Ra4 e5 72.
Rb4 f6 73. Ra4 Kg5 74. Ra8 Kf5 75. Ra4 Rh2+ 76. Kg3 Rh8 77. Rb4 Ke6 78. Rb6+
Kf5 79. Rb4 Rh1 80. Kg2 Rd1 81. Kf2 e4 82. Rb8 Rh1 83. Kg2 Rh5 84. Re8 Rh7 85.
Kg3 Rg7+ 86. Kf2 Ra7 87. Rb8 Rh7 88. Kg3 Rg7+ 89. Kf2 Kg4 90. Rb1 Rh7 91. Rg1+
Kf5 92. Rg8 Rh3 93. Re8 Rh2+ 94. Ke1 Ra2 95. Kf1 Rb2 96. Re7 Rb5 97. Kf2 Re5
98. Rg7 Ke6 99. Ra7 Rd5 100. Ra8 Rd6 101. Kg3 Ke5 102. Re8+ Re6 103. Ra8 Rd6
1/2-1/2